LEADER 01256nam2-2200397---450- 001 990001714800203316 005 20070614140609.0 035 $a000171480 035 $aUSA01000171480 035 $a(ALEPH)000171480USA01 035 $a000171480 100 $a20040531d1969----km-y0itay0103----ba 101 $aita 102 $aIT 105 $a||||||||001yy 200 1 $a<> : Fondo di S. Spirito del Morrone$eparte 3.: sec. 17.-18., schede di professione sec. 15.-18.$eaula 2.: capsule 13.-17. 210 $d1969 215 $a401 p. 225 $aPubblicazioni degli archivi di Stato$v64 410 0$12001$aPubblicazioni degli archivi di Stato$v64 454 1$12001 461 1$1001000171464$12001 701 1$aAVAGLIANO,$bFaustino$0156044 702 1$aLECCISOTTI,$bTommaso 801 0$aIT$bsalbc$gISBD 912 $a990001714800203316 951 $aI.3. Coll.1/ 22/5.3(XI B Arch. Coll. 2/64)$b40929 L.M.$cXI B 959 $aBK 969 $aUMA 969 $aDILAM 979 $aSIAV7$b10$c20040531$lUSA01$h1616 979 $aSIAV7$b10$c20040531$lUSA01$h1618 979 $aCOPAT5$b90$c20050920$lUSA01$h1152 979 $aDILAM$b90$c20070614$lUSA01$h1406 996 $aFondo di S. Spirito del Morrone$9947126 997 $aUNISA LEADER 01342nam0 22003011i 450 001 UON00070044 005 20231205102347.126 010 $a08-245-0797-5 100 $a20020107d1989 |0itac50 ba 101 $aeng 102 $aUS 105 $a|||| ||||| 200 1 $aHealth and medicine in the islamic tradition$eChange and identity$fFazlur Rahman 210 $aNew York$cCrossroad$d1989 215 $aXIII, 149 p.$d24 cm 410 1$1001UON00065987$12001 $aHealth/Medicine and the Faith Traditions$fedited by Martin E. Marty and Kenneth L. Vaux 606 $aMedicina e religione$xIslam$3UONC020057$2FI 606 $aMedicina islamica$3UONC003681$2FI 620 $aUS$dNew York$3UONL000050 676 $a297.1975$cRELAZIONI DELL'ISLAM CON LE DISCIPLINE SECOLARI$v21 700 1$aRAHMAN$bFazlur$3UONV028255$0181930 712 $aCrossroad$3UONV257062$4650 801 $aIT$bSOL$c20250801$gRICA 912 $aUON00070044 950 $aSIBA - SISTEMA BIBLIOTECARIO DI ATENEO$dSI XVIII A 002 $eSI AA 11574 5 002 950 $aSIBA - SISTEMA BIBLIOTECARIO DI ATENEO$dSI XVIII A 002/doppio $eSI AA 11723 5 002/doppio 996 $aHealth and medicine in the islamic tradition$91161079 997 $aUNIOR